مكتبة جامعة عجلون الوطنية

فهرس بحث المكتبة

القصة وجدل النوع: رؤية توصيفية وببليوجرافية للقصة القصيرة المصرية (1975م - 2000م) (Record no. 12034)

MARC details
000 -LEADER
fixed length control field 00880nam a2200229Ii 4500
003 - CONTROL NUMBER IDENTIFIER
control field JO-AjNU
008 - FIXED-LENGTH DATA ELEMENTS--GENERAL INFORMATION
fixed length control field 230605s9999||||xx |||||||||||||| ||und||
017 ## - COPYRIGHT OR LEGAL DEPOSIT NUMBER
Copyright or legal deposit number 2005/241066
020 ## - INTERNATIONAL STANDARD BOOK NUMBER
International Standard Book Number 977-270-982-4
040 ## - CATALOGING SOURCE
Original cataloging agency JO-AjNU
Language of cataloging ara
Description conventions rda
Transcribing agency JO-AjNU
041 ## - LANGUAGE CODE
Language code of text/sound track or separate title ara
050 14 - LIBRARY OF CONGRESS CALL NUMBER
Classification number PJ8212.S24 2006
100 3# - MAIN ENTRY--PERSONAL NAME
Personal name سليم،محمد مصطفى,
Relator term author
9 (RLIN) 23414
245 00 - TITLE STATEMENT
Title القصة وجدل النوع: رؤية توصيفية وببليوجرافية للقصة القصيرة المصرية (1975م - 2000م)
250 ## - EDITION STATEMENT
Edition statement ط1
264 31 - PRODUCTION, PUBLICATION, DISTRIBUTION, MANUFACTURE, AND COPYRIGHT NOTICE
Place of production, publication, distribution, manufacture القاهرة: الدار المصرية اللبنانية، 2006
300 ## - PHYSICAL DESCRIPTION
Extent 270ص
336 ## - CONTENT TYPE
Content type term text
Content type code txt
Source rdacontent
337 ## - MEDIA TYPE
Media type term unmediated
Media type code n
Source rdamedia
338 ## - CARRIER TYPE
Carrier type term volume
Carrier type code nc
Source rdacarrier
650 #4 - SUBJECT ADDED ENTRY--TOPICAL TERM
Topical term or geographic name entry element الأدب العربي - القصة القصيرة - تاريخ ونقد - ببليوجرافيا - مصر
9 (RLIN) 23415
Holdings
Withdrawn status Lost status Source of classification or shelving scheme Damaged status Not for loan Home library Current library Shelving location Date acquired Total Checkouts Full call number Barcode Date last seen Price effective from Koha item type
    Library of Congress Classification     مكتبة جامعة عجلون الوطنية مكتبة جامعة عجلون الوطنية المجموعات العامة 06/06/2023   PJ8212.S24 2006 A8466 06/06/2023 06/06/2023 Books